00235pam a2200109 a 4500020000500000041000800005100001700013245003600030250001000066260003400076300001500110 c aeng aSrinath L.S. aPert and CPMhTextual Documents a1996. aNew Delhi:bEast- West Press. a202 Pages.